| 000 | 00420nam a22001697a 4500 | ||
|---|---|---|---|
| 005 | 20230717131935.0 | ||
| 008 | 230717b |||||||| |||| 00| 0 eng d | ||
| 020 | _a9780170367172 | ||
| 082 |
_a657.071 _bBUS |
||
| 245 | _aBusiness foundatins for La Trobe University | ||
| 250 | _a1st ed. | ||
| 260 |
_aChina _bCengage Learning _c2015 |
||
| 300 | _a337 | ||
| 500 | _aInclude Index | ||
| 650 | _aBusiness | ||
| 999 |
_c26029 _d26029 |
||